|
|
|
|
| LEADER |
00000nab a2200000uu 4500 |
| 001 |
vtls011439788 |
| 003 |
SK-MaSNL |
| 005 |
20260303191125.0 |
| 008 |
230213|1963 xo |||||||||||||||||slo| |
| 015 |
|
|
|a SNBRB
|
| 035 |
|
|
|a (urnnbn)urn:nbn:sk:snk:ar-002xar
|
| 035 |
|
|
|a (uuid)9e4d816c-f8e6-4e76-8191-dca3d11c1f8f
|
| 035 |
|
|
|a urn:nbn:sk:snk-abceer
|
| 040 |
|
|
|a SNKBUCL
|b slo
|c SNKBUCL
|e AACR2
|
| 041 |
0 |
|
|a slo
|
| 044 |
|
|
|a xo
|c SK
|
| 100 |
1 |
|
|a Ertlová, Eva,
|d 1931-
|4 aut
|9 37711
|
| 245 |
1 |
0 |
|a ZOOBENTOS MŔTVYCH RAMIEN DUNAJA
|c Eva Ertlová
|
| 773 |
0 |
|
|t Biológia : časopis Slovenskej akadémie vied
|g Roč. 18, č. 10 (1963), s. 743-755
|
| 954 |
|
|
|a odborná, vedecká literatúra pôvodná (slovenská)
|2 lita
|
| 958 |
|
|
|a OND
|
| 958 |
|
|
|a EUIPO
|
| 958 |
|
|
|a article16
|
| 999 |
|
|
|c 2139507
|d 2141437
|